| 000 | 00718nam a22001817a 4500 | ||
|---|---|---|---|
| 999 |
_c64001 _d64001 |
||
| 005 | 20260306154017.0 | ||
| 008 | 260306s2001 enk||||| |||| 00| 0 eng d | ||
| 020 | _a9781563273889x | ||
| 041 | _aeng | ||
| 080 | _a005.6:658:338.24 Sh-32 | ||
| 100 |
_aShiba, Shoji _927071 |
||
| 245 |
_aFour Practical Revolutions in Management: _bSystems for Creating Unique Organizational Capability / _cShoji Shiba, David Walden. |
||
| 264 |
_aCambridge : _bProductivity Press, _c2001. |
||
| 300 |
_a758 p.: _bill.; _c23 cm. |
||
| 653 | _aმენეჯმენტის ოთხი პრაქტიკული რევოლუცია | ||
| 700 |
_a Walden, David _eავტორი _927072 |
||
| 942 |
_2udc _cᲬᲘᲒᲜᲘ |
||